000 00339 a2200145 4500
001 176090
020 _a
040 _cMagnum
100 _aVieira, Thereza Freire
240 1 0 _aPadre jose luiz e a vila das gracas
_lpor
245 1 0 _aPadre jose luiz e a vila das gracas
362 0 _a1899
697 _aMAGNITO: RELIGIAO
942 _cBK
999 _c176090
_d176090